Correggio (Record no. 5143)

MARC details
000 -CABECERA
campo de control de longitud fija 00844nam a2200265 a 4500
001 - NÚMERO DE CONTROL
campo de control BRCA_5449
005 - FECHA Y HORA DE LA ÚLTIMA TRANSACCIÓN
campo de control 20190320205102.0
008 - DATOS DE LONGITUD FIJA--INFORMACIÓN GENERAL
campo de control de longitud fija 820115s1907 gw-ac#####---#000-0bger-#
041 ## - CÓDIGO DE LENGUA
Código de lengua del texto/banda sonora o título independiente ger
044 ## - CÓDIGO DEL PAÍS DE LA ENTIDAD EDITORA/PRODUCTORA
Código MARC del país gw
050 #4 - SIGNATURA TOPOGRÁFICA DE LA BIBLIOTECA DEL CONGRESO
Número de clasificación ND623
Número de documento/Ítem .C67 1907
245 10 - MENCIÓN DE TÍTULO
Título Correggio
Resto del título des Maisters Gemalde
Mención de responsabilidad, etc. herausgegeben Georg Gronau
260 ## - PUBLICACIÓN, DISTRIBUCIÓN, ETC.
Lugar de publicación, distribución, etc. Stuttgart, Alemania
Nombre del editor, distribuidor, etc. Deutsche Verlags-Anstalt
Fecha de publicación, distribución, etc. [1907]
300 ## - DESCRIPCIÓN FÍSICA
Extensión xlvi, 175 p
Otras características físicas il., láminas
Dimensiones 27 cm.
440 #0 - MENCIÓN DE SERIE/PUNTO DE ACCESO ADICIONAL--TÍTULO
Título Klassiker der kunst im gesamtausgaben
Designación de volumen o secuencia 10
9 (RLIN) 13917
500 ## - NOTA GENERAL
Nota general Incluye 196 ilustraciones
500 ## - NOTA GENERAL
Nota general Edición con cabeza dorada
500 ## - NOTA GENERAL
Nota general M34
600 14 - PUNTO DE ACCESO ADICIONAL DE MATERIA--NOMBRE DE PERSONA
Nombre de persona Correggio, Antonio Allegri, conocido como
Fechas asociadas al nombre 1494-1534
9 (RLIN) 13918
650 14 - PUNTO DE ACCESO ADICIONAL DE MATERIA--TÉRMINO DE MATERIA
Término de materia o nombre geográfico como elemento de entrada Pintores italianas
9 (RLIN) 13919
650 14 - PUNTO DE ACCESO ADICIONAL DE MATERIA--TÉRMINO DE MATERIA
Término de materia o nombre geográfico como elemento de entrada pinturas italianas
9 (RLIN) 12941
700 1# - PUNTO DE ACCESO ADICIONAL--NOMBRE DE PERSONA
Nombre de persona Gronau, Georg
Término indicativo de función/relación Editor
9 (RLIN) 13920
902 ## - CATALOGADOR
Iniciales GFM
942 ## - ELEMENTOS DE PUNTO DE ACCESO ADICIONAL (KOHA)
Fuente del sistema de clasificación o colocación Library of Congress Classification
Tipo de ítem Koha Libros
Holdings
Estado de retiro Estado de pérdida Estado dañado No para préstamo Localización permanente Ubicación/localización actual Fecha de adquisición Número de inventario Total de préstamos Signatura topográfica completa Código de barras Fecha visto por última vez Precio válido a partir de Tipo de ítem Koha
El ejemplar forma parte de la colección y puede ser consultado según las políticas vigentes.       Biblioteca del Museo Franz Mayer (Rogerio Casas-Alatriste) Biblioteca del Museo Franz Mayer (Rogerio Casas-Alatriste) 16/12/2010 M34   ND623 .C67 1907 (M34) 5884 22/03/2019 22/03/2019 Libros